00404cam a22001217a 4500008004000000082001800040100002200058245007200080260006100152300001000213440004100223650001800264180718b1975 xxu||||| |||| 00| 0 eng d aT42x6762 F874 aFrediani, Lorenzo aThe liquidity policy of deposit banks in Kenyacby Lorenzo Frediani aMilanbCassa Di Risparmio Delle Provincie Lombardec1975 a277p. aThe credit markets of Africa: No. 12 aBanks - Kenya